000
00215nam a22000977a 4500
999
_c
12802
_d
12802
020
_a
978-969-914-651-0
082
_a
9625
100
_a
Khuwaja Razi Hyder
245
_a
Quai-i-Azam Ke 72 Saal (1876-1948)
942
_c
BK